000 00518nam a2200169Ia 4500
008 090711s9999 xx 000 0 und d
082 _b62388
100 _aअनुभवी तज्ञ
245 _aसहाशे लघुउद्योग
260 _c1989
300 _a149
600 _aअनुभवी तज्ञ
630 _aसहाशे लघुउद्योग
700 _aअनुभवी तज्ञ
730 _aसहाशे लघुउद्योग
942 _cBOOK
999 _c284199
_d284199